000 00937nam a2200241 a 4500
001 000024949
005 20200930023452.0
008 110208s1995 mx b r 000 0 spa d
020 _a9682974429
040 _aDO-SdBNP
_bspa
_cBNPHU
082 _axxxxx
_bN687t
100 1 _aNigh, Ronald
_951204
245 1 0 _aTerritorios violados :
_bindios, medio ambiente y desarrollo en América Latina /
_cRonald Nigh , Nemesio J. Rodríguez.
260 _aMéxico, D. F. :
_bDirección general de Publicaciones del Consejo Nacional para la Cultura y las Artes,
_c1995.
300 _a228 p. :
_bmapas. ;
_c21 cm.
490 1 _aPresencias ;
_v68
500 _aIncluye referencias bibliográficas p. [207-228].
504 _aIncluye referencias bibliográficas y notas al pie de las páginas.
700 1 _aRodríguez, Nemesio J.
_951205
710 1 _aInstituto Nacional Indigenista
_951206
830 0 _aPresencias ;
_n68
_951207
049 _aBNGR
999 _c24442
_d24442